Growing out of crime / (Record no. 3428)

MARC details
000 -LEADER
fixed length control field 00542nam a2200169Ia 4500
020 ## - INTERNATIONAL STANDARD BOOK NUMBER
ISBN 0140223835
020 ## - INTERNATIONAL STANDARD BOOK NUMBER
ISBN 9780140223835
050 ## - CALL NUMBER
Classification number HV9145
Item number .AR88
100 1# - AUTHOR
Personal name Rutherford, Andrew,
245 10 - TITLE
Title Growing out of crime /
Statement of responsibility, etc Andrew Rutherford.
260 ## - PUBLICATION INFORMATION
Place of publication Winchester :
Name of publisher Waterside Press,
Year of publication 1986
300 ## - DESCRIPTION
Number of Pages 189 pages.
Dimensions 20cm.
500 ## - NOTES
General note Includes index.
505 ## - FORMATTED CONTENTS NOTE
Table of Content 1. Chance to Mature""; ""2 Wrong Turnings""; "" 3 A Quantum Leap""; ""4. Holding On""; "" 5. Danger Ahead""; ""6. Getting Tough"
650 #0 - SUBJECTS
Topical Term Crime.
942 ## - ADDED ENTRY ELEMENTS (KOHA)
Koha item type Books
Holdings
Withdrawn status Lost status Collection code Home library Current library Shelving location Date acquired Full call number Accession Number Koha item type
    Reference Methodist University Library Main Methodist University Library Main General Stacks   HV9145 .AR88 16825 Books
Copyright © 2026  MUG Library